| 000 | 00828nam a2200265Ia 4500 | ||
|---|---|---|---|
| 001 | 21643 | ||
| 005 | 20260320113301.0 | ||
| 008 | 260320s9999||||xx |||||||||||||| ||und|| | ||
| 020 | _a9788413824840 | ||
| 041 | _aESP | ||
| 082 |
_a616 _bF317 V. 1 |
||
| 100 |
_aFarreras, P., _eAUT |
||
| 245 | 0 |
_aMedicina interna _b |
|
| 246 |
_a _5 _b |
||
| 250 | _aVigésima edición | ||
| 260 |
_aBarcelona : _bElsevier, _c2024 |
||
| 300 |
_axlii, 1374 páginas : _bfiguras, graficos, tablas ; _c28 cm. _e |
||
| 440 |
_a _n _v |
||
| 650 | _aTCA | ||
| 653 | _aMedicina; Medicina interna | ||
| 654 | _aCCS | ||
| 700 |
_aRozman, C., _cAUT |
||
| 856 |
_uhttps://accessmedicina-mhmedical-com.ucsp.lookproxy.com/Book.aspx?bookid=3553 _zVéase además: Harrison. Principios de medicina interna. Versión digital |
||
| 942 |
_cLIB _dJUS _fTRC _2ddc _n |
||
| 999 |
_c21643 _d21643 |
||